Statistics for Every English Top Goalscorer per Premier League Season

Click here to take the quiz!

General Stats

  • This quiz has been taken 141 times
    (33 since last reset)
  • The average score is 11 of 19

Answer Stats

Player#Season(s)% Correct
Harry Kane72014/15 | 2015/16 | 2016/17 | 2017/18 | 2020/21 | 2021/22 | 2022/23
100%
Jamie Vardy22018/19 | 2019/20
90%
Alan Shearer51994/95 | 1995/96 | 1996/97 | 2001/02 | 2003/04
86%
Wayne Rooney42006/07 | 2007/08 | 2009/10 | 2011/12
86%
Steven Gerrard12008/09
83%
Frank Lampard12012/13
79%
Michael Owen21997/98 | 1998/99
76%
Teddy Sheringham11992/93
76%
Andy Cole11993/94
72%
Jermain Defoe12007/08
69%
Daniel Sturridge12013/14
55%
Kevin Phillips11999/00
55%
Chris Sutton11997/98
48%
Darren Bent32005/06 | 2006/07 | 2010/11
45%
Dion Dublin11997/98
41%
Andy Johnson12004/05
3%
James Beattie12002/03
3%
Marcus Stewart12000/01
3%
Rickie Lambert12012/13
0%

Score Distribution

Percentile by Number Answered

Percent of People with Each Score

Your Score History

You have not taken this quiz since the last reset